Método en teología

Salvato in:
Dettagli Bibliografici
Autore principale: Lonergan, Bernard J. F. (autor)
Natura: Libro
Lingua:spagnolo
Pubblicazione: Salamanca Sígueme 1988
Serie:Colección Verdad e Imagen, 106
Soggetti:
Tags: Aggiungi Tag
Nessun Tag, puoi essere il primo ad aggiungerne!!

MARC

LEADER 00000nam a2200000 a 4500
001 UCW9454
003 CL-VaPUC
008 890424e19880000SP |||||||||||||||||spa|d
082 0 4 |a 201.1  |b LON  |2 21 
100 |a Lonergan, Bernard J. F.  |e autor  |9 347616 
245 1 0 |a Método en teología 
300 |a 390 p 
942 |c BK 
945 |d 19890424 00:00:00 
260 |a Salamanca  |b Sígueme  |c 1988 
650 7 |a TEOLOGIA METODOLOGIA  |2 CL-VaPUC  |9 314740 
583 |a last modification  |c 19890424 00:00:00  |k Rodrigo Vera 
490 0 |a Colección Verdad e Imagen, 106 
999 |c 221430  |d 221428 
952 |0 0  |1 0  |4 0  |6 201_100000000000000_LON_1988  |7 0  |8 A  |9 214758  |a BIBTEO  |b BIBTEO  |d 2019-11-15  |i 2833034  |l 1  |m 2  |o 201.1 LON 1988  |p 2833034  |r 2025-01-17  |s 2023-04-06  |w 2019-11-15  |y BK  |k ICR